| 000 | 00624nam a2200181 i 4500 | ||
|---|---|---|---|
| 001 | 75795 | ||
| 003 | ES-MaACL | ||
| 005 | 20230906172613.0 | ||
| 007 | t| | ||
| 008 | 040927s1967 sp ||||1| spa d | ||
| 100 | 1 |
_aGuarnero, Luisa. _960345 |
|
| 245 | 1 | 4 |
_aUna vida para amar _b: lo que una joven esposa del siglo XX debe saber / _cLuisa Guarnero ; versión revisada por Eliseo Cots ; ilustraciones, José Luis Florit. |
| 260 |
_aBarcelona : _bEugenio Subirana, _c[1967] |
||
| 300 |
_a217 p. ; _c21 cm. |
||
| 700 | 1 |
_aCots, Eliseo. _941182 |
|
| 700 | 1 |
_aFlorit, José Luis. _951349 |
|
| 852 |
_aES-MaACL _jC-34119 _bR.64692 |
||
| 999 |
_c75795 _d75795 |
||